Guess the 1960s song lyrics #40 - Statistics

General Stats
  • This quiz has been taken 24 times
  • The average score is 108 of 171
Answer Stats
Answer % Correct
a
100%
A
100%
man
100%
you
95%
the
91%
The
91%
To
91%
to
91%
an
86%
And
86%
be
86%
of
86%
on
86%
who
86%
your
86%
he
82%
agent
77%
can
77%
in
77%
no
77%
Secret
77%
secret
77%
day
73%
every
73%
see
73%
then
73%
what
73%
are
68%
one
68%
give
64%
Oh
64%
that
64%
With
64%
live
59%
Or
59%
say
59%
takes
59%
There's
59%
away
55%
life
55%
They've
55%
won't
55%
makes
50%
danger
45%
let
45%
name
45%
taken
45%
tomorrow
45%
you'll
45%
given
41%
hide
41%
move
41%
number
41%
chance
36%
everyone
36%
next
36%
leads
32%
meets
32%
Odds
32%
odds
32%
Another
27%
careful
27%
Riviera
27%
stays
27%
stranger
27%
word
27%
Beware
23%
Bombay
23%
find
23%
While
23%
yourself
23%
alley
18%
evil
18%
face
18%
lips
18%
wrong
18%
Ah
14%
faces
14%
kissing
14%
layin
14%
persuasive
14%
pretty
14%
slip
14%
mind
9%
Swingin
9%
No matching quizzes found
Score Distribution
Percent of People with Each Score
Percentile by Number Answered
Your Score History
You have not taken this quiz